Presidential Wedding Photos Quiz Stats

 Plays Quiz Updated Mar 19, 2018

Score 0/19 Timer 05:00
0 Plays Today
% Correct
Barack & Michelle Obama
99.2%
George & Laura Bush
97.4%
Donald Trump & Marla Maples
95.7%
Bill & Hillary Clinton
94.2%
Richard & Pat Nixon
93%
John & Jackie Kennedy
91.5%
Donald & Melania Trump
91.1%
Ronald Reagan & Jane Wyman
89.7%
Ronald & Nancy Reagan
87.2%
Franklin & Eleanor Roosevelt
84.4%
% Correct
Jimmy & Rosalynn Carter
83.2%
Gerald & Betty Ford
82.4%
Lyndon & Claudia (Lady Bird) Johnson
77.5%
George & Barbara Bush
77.2%
Harry and Bess Truman
74%
Dwight & Mamie Eisenhower
73.5%
Woodrow & Edith Wilson
58.5%
Herbert & Lou Hoover
45.4%
Rutherford & Lucy Hayes
33%

You're not logged in!

Compare scores with friends on all Sporcle quizzes.
OR
Log In

Show Comments

Extras

Top Quizzes Today


Score Distribution

Your Account Isn't Verified!

In order to create a playlist on Sporcle, you need to verify the email address you used during registration. Go to your Sporcle Settings to finish the process.

Report this User

Report this user for behavior that violates our Community Guidelines.

Details: